[Event "23rd 4NCL Congress"]
[Site "South Normanton"]
[Date "2019.10.06"]
[Round "4.5"]
[White "Willow, Jonah B"]
[Black "Ansmann, Klaas"]
[Result "1-0"]
[WhiteElo "2327"]
[BlackElo "1984"]
[PlyCount "85"]
[EventDate "2019.10.04"]

1. e4 e6 2. d4 d5 3. Nd2 Nf6 4. e5 Nfd7 5. c3 c5 6. f4 Nc6 7. Ndf3 cxd4 8. cxd4
a5 9. g3 a4 10. Ne2 Qa5+ 11. Kf2 Nb6 12. Bd2 Bb4 13. Bxb4 Qxb4 14. Qd2 Bd7 15.
a3 Qxd2 16. Nxd2 Ke7 17. Ke3 Na5 18. Nc3 Rhc8 19. Bd3 g6 20. Rac1 Bc6 21. Rhf1
h5 22. h3 Rh8 23. Ne2 Rac8 24. Rc5 Ra8 25. Rc3 Rhc8 26. Rfc1 Be8 27. Rc5 Kd8
28. g4 hxg4 29. hxg4 Rxc5 30. Rxc5 Bc6 31. Rc1 Ke7 32. f5 gxf5 33. gxf5 exf5
34. Ng3 Rg8 35. Nxf5+ Ke6 36. Rf1 f6 37. exf6 Rf8 38. Ng7+ Kd6 39. Rf4 Bd7 40.
Kf2 Be6 41. Nf3 Bd7 42. Nf5+ Kc6 43. Nh6 1-0

[Event "23rd 4NCL Congress"]
[Site "South Normanton"]
[Date "2019.10.06"]
[Round "4.6"]
[White "Seymour, Timothy P"]
[Black "Munshi, Aditya"]
[Result "1/2-1/2"]
[WhiteElo "2100"]
[BlackElo "2183"]
[PlyCount "85"]
[EventDate "2019.10.04"]

1. e3 Nf6 2. c4 e5 3. Nc3 Bb4 4. Nge2 O-O 5. a3 Be7 6. d4 exd4 7. Qxd4 c6 8. g3
d5 9. cxd5 cxd5 10. Bg2 Nc6 11. Qd1 Bg4 12. h3 Bh5 13. Nxd5 Ne5 14. g4 Bg6 15.
O-O Nxd5 16. Qxd5 Qxd5 17. Bxd5 Bd3 18. Re1 Rfd8 19. Bxb7 Rab8 20. Bg2 Bxe2 21.
Rxe2 Rd1+ 22. Kh2 Rc8 23. f4 Nd3 24. Rd2 Rdxc1 25. Rxc1 Nxc1 26. Bd5 g5 27. Kg2
Kg7 28. Kf1 gxf4 29. exf4 Bh4 30. g5 Re8 31. Bc4 Re4 32. Rc2 Re1+ 33. Kg2 Kg6
34. Kf3 f6 35. Rd2 fxg5 36. Rd6+ Kg7 37. Rd7+ Kg6 38. Rd6+ Kf5 39. Rd5+ Kf6 40.
Rd6+ Kf5 41. Rd5+ Kf6 42. Rd6+ Ke7 43. Rh6 1/2-1/2

[Event "23rd 4NCL Congress"]
[Site "South Normanton"]
[Date "2019.10.06"]
[Round "4.7"]
[White "Makkar, Rajat"]
[Black "Barnes, Michael H"]
[Result "1/2-1/2"]
[WhiteElo "2071"]
[BlackElo "2164"]
[PlyCount "193"]
[EventDate "2019.10.04"]

1. d4 d5 2. c4 c6 3. cxd5 cxd5 4. Bf4 Nc6 5. e3 Nf6 6. Nc3 a6 7. Bd3 e6 8. Nf3
Bd6 9. Bxd6 Qxd6 10. O-O O-O 11. Rc1 e5 12. dxe5 Nxe5 13. Be2 Be6 14. Qd4 Nxf3+
15. Bxf3 Rac8 16. Rfd1 Rfd8 17. g3 Rc4 18. Qd3 Kf8 19. b3 Rcc8 20. Qd4 Qc5 21.
Qh4 Qa5 22. Qd4 Qc5 23. Ne2 Qxd4 24. Nxd4 a5 25. a4 g5 26. Bg2 h6 27. Rb1 Bd7
28. Rd3 b6 29. f3 Ke7 30. g4 Be6 31. b4 axb4 32. Rxb4 Rc1+ 33. Kf2 Nd7 34. Rdb3
Rdc8 35. Rb1 Rxb1 36. Rxb1 Rc4 37. Ra1 Kd6 38. a5 bxa5 39. Rxa5 Rb4 40. Ra6+
Rb6 41. Ra8 Rb8 42. Ra2 Rb6 43. Rd2 Ne5 44. Bf1 Nc4 45. Rd1 Rb2+ 46. Be2 Ke5
47. Ra1 Kf6 48. Ra6 Rd2 49. Rc6 Ne5 50. Rc3 Rb2 51. Kg3 Rb4 52. h4 Ng6 53. h5
Ne5 54. Ra3 Nc4 55. Rc3 Bd7 56. Nc2 Ra4 57. e4 Be6 58. Nd4 Ne5 59. exd5 Rxd4
60. dxe6 fxe6 61. Rc7 Rd7 62. Rc8 Rd4 63. Rb8 Kg7 64. Rb6 Kf6 65. Ba6 Rf4 66.
Bb7 Kf7 67. Ba8 Ra4 68. Be4 Rd4 69. Rb8 Kg7 70. Re8 Rd6 71. Re7+ Kg8 72. Rh7
Nf7 73. Bg6 Rd7 74. Kf2 Ne5 75. Rxh6 Kg7 76. Rh7+ Kf6 77. Rxd7 Nxd7 78. Be4 e5
79. Ke3 Nc5 80. Kd2 Ne6 81. Kd3 Nf4+ 82. Kc4 Kg7 83. Kc5 Kh6 84. Kd6 Nh3 85.
Kxe5 Nf4 86. Bd5 Nh3 87. Bc4 Nf4 88. Bf1 Kg7 89. Bb5 Nh3 90. Ba6 Nf4 91. Bf1
Kh6 92. Kf5 Nd5 93. Ke6 Nf4+ 94. Kf7 Nd5 95. Bc4 Nf4 96. Kf6 Nh3 97. Bd5
1/2-1/2

[Event "23rd 4NCL Congress"]
[Site "South Normanton"]
[Date "2019.10.06"]
[Round "4.8"]
[White "Mason, Donald J"]
[Black "Moore, Gerald"]
[Result "1/2-1/2"]
[WhiteElo "2070"]
[BlackElo "2089"]
[PlyCount "49"]
[EventDate "2019.10.04"]

1. e4 c5 2. Nf3 g6 3. g3 Bg7 4. Bg2 Nc6 5. O-O d6 6. d3 e5 7. a3 Nge7 8. c3 O-O
9. b4 a6 10. Nbd2 h6 11. Nb3 b6 12. Bb2 Be6 13. Re1 Qc7 14. Rc1 c4 15. dxc4
Bxc4 16. Nfd2 d5 17. exd5 Bxd5 18. Bxd5 Nxd5 19. c4 Nde7 20. Nf3 Rad8 21. Qe2
Nf5 22. b5 Ncd4 23. Nfxd4 Nxd4 24. Bxd4 exd4 25. Qd3 1/2-1/2

[Event "23rd 4NCL Congress"]
[Site "South Normanton"]
[Date "2019.10.06"]
[Round "4.9"]
[White "De Coverly, Roger D"]
[Black "Sowray, Peter J"]
[Result "1/2-1/2"]
[WhiteElo "1958"]
[BlackElo "2361"]
[PlyCount "102"]
[EventDate "2019.10.04"]

1. e4 e5 2. Nf3 Nc6 3. Bb5 a6 4. Ba4 Nf6 5. O-O Be7 6. Re1 b5 7. Bb3 d6 8. c3
O-O 9. h3 Nb8 10. d4 Nbd7 11. c4 c6 12. a3 bxc4 13. Bxc4 Nxe4 14. dxe5 d5 15.
Ba2 Ndc5 16. b4 Ne6 17. Bb2 f5 18. Nbd2 Qb6 19. Nxe4 fxe4 20. Nd4 Kh8 21. Rf1
Nf4 22. Ne2 Nxe2+ 23. Qxe2 a5 24. b5 Rb8 25. a4 Be6 26. Rad1 Bc5 27. Bc1 cxb5
28. Bxd5 Bxd5 29. Rxd5 bxa4 30. Qc2 Rbc8 31. Qxe4 Bxf2+ 32. Kh1 Qb4 33. Qe2 Bc5
34. Rd3 Rxf1+ 35. Qxf1 Qe4 36. Qd1 Bb6 37. Bb2 h6 38. Rd6 Rc2 39. Rd2 Rxd2 40.
Qxd2 Kh7 41. Qc3 Qb1+ 42. Bc1 Qe4 43. Bb2 Be3 44. Qe1 Qd3 45. e6 Bd2 46. Qd1 a3
47. Bxa3 Qxa3 48. Qxd2 Qa1+ 49. Kh2 Qe5+ 50. Kh1 Kg6 51. Qd7 Qe1+ 1/2-1/2

[Event "23rd 4NCL Congress"]
[Site "South Normanton"]
[Date "2019.10.06"]
[Round "4.10"]
[White "Bin-Suhayl, Ieysaa"]
[Black "Gardiner, Eric D"]
[Result "0-1"]
[WhiteElo "2208"]
[BlackElo "1960"]
[PlyCount "86"]
[EventDate "2019.10.04"]

1. Nf3 d6 2. d4 Bg4 3. c4 Bxf3 4. exf3 c6 5. Nc3 Nf6 6. Be3 d5 7. Qb3 Qb6 8. c5
Qc7 9. Be2 e6 10. O-O Be7 11. f4 O-O 12. Qc2 Nbd7 13. b4 b6 14. g4 a5 15. a3 b5
16. f5 exf5 17. Qxf5 g6 18. Qc2 Ne8 19. Rae1 Ng7 20. Bxb5 axb4 21. axb4 Rfb8
22. Bd3 Rxb4 23. Bd2 Nf6 24. Rxe7 Qxe7 25. g5 Rxd4 26. gxf6 Qxf6 27. f3 Ne6 28.
Be3 Rb4 29. Ne2 Rb2 30. Qd1 Rba2 31. Bb1 Qe5 32. Kf2 Qxh2+ 33. Ke1 Qh4+ 34. Rf2
Qb4+ 35. Kf1 Ra1 36. Kg2 Qxb1 37. Qd2 R1a2 38. Qc3 Qb2 39. Qe1 Ra1 40. Nc1 Qf6
41. Qb4 R1a4 42. Qb7 Nf4+ 43. Bxf4 Qxf4 0-1

[Event "23rd 4NCL Congress"]
[Site "South Normanton"]
[Date "2019.10.06"]
[Round "4.11"]
[White "Verma, Aditya"]
[Black "Webster, Richard J"]
[Result "1-0"]
[WhiteElo "2172"]
[BlackElo "1948"]
[PlyCount "113"]
[EventDate "2019.10.04"]

1. e4 e5 2. Nf3 Nc6 3. Bb5 a6 4. Ba4 Nf6 5. d3 d6 6. O-O b5 7. Bb3 Na5 8. c3
Nxb3 9. axb3 Be7 10. Nbd2 O-O 11. Re1 c5 12. Nf1 Qc7 13. c4 b4 14. h3 h6 15.
Ng3 Re8 16. Nh2 Kh7 17. f4 exf4 18. Bxf4 Nd7 19. Nf5 Bf8 20. Ng4 Re6 21. Qf3
Ne5 22. Bxe5 dxe5 23. Nfe3 Kg8 24. Nd5 Qd8 25. Rf1 f6 26. Qg3 Kh8 27. Nge3 Ra7
28. Nf5 Qe8 29. Rf3 Rc6 30. Qf2 Be6 31. Nfe3 Rf7 32. Qh4 Rd7 33. Nf5 Bg8 34. g4
Rb7 35. Nfe3 Rd7 36. Kg2 Rb7 37. Qg3 Rd7 38. h4 Be7 39. Kf2 Bd8 40. Ke2 Rb7 41.
Qf2 Rd7 42. Nf5 Rb7 43. Qe3 Bh7 44. Rff1 Rd7 45. Rg1 Rb7 46. Ng3 Bg6 47. Nf1
Bh7 48. Nd2 f5 49. exf5 Bxh4 50. Ne4 Be7 51. Raf1 Bg8 52. Rh1 Bxd5 53. cxd5
Rcb6 54. g5 Bf8 55. f6 Qd7 56. fxg7+ Bxg7 57. gxh6 1-0

[Event "23rd 4NCL Congress"]
[Site "South Normanton"]
[Date "2019.10.06"]
[Round "4.12"]
[White "Modi, Shyam Jagdish"]
[Black "Davis, Lee"]
[Result "1-0"]
[WhiteElo "2142"]
[BlackElo "1922"]
[PlyCount "61"]
[EventDate "2019.10.04"]

1. d4 Nf6 2. c4 e6 3. g3 d5 4. Nf3 Be7 5. Bg2 O-O 6. O-O dxc4 7. Qc2 a6 8. a4
Bd7 9. Qxc4 Bc6 10. Bf4 Nd5 11. Nc3 Nxf4 12. gxf4 Bd5 13. Qd3 Bxf3 14. Bxf3 Nc6
15. Rfd1 Nb4 16. Qd2 Nd5 17. e4 Nxc3 18. bxc3 c5 19. d5 Rb8 20. e5 exd5 21.
Bxd5 b5 22. f5 Bg5 23. f4 Bh6 24. Qf2 Qb6 25. a5 Qc7 26. f6 Kh8 27. Qh4 Rbd8
28. Be4 Rg8 29. Kh1 gxf6 30. Qxh6 f5 31. Qf6+ 1-0

[Event "23rd 4NCL Congress"]
[Site "South Normanton"]
[Date "2019.10.06"]
[Round "4.13"]
[White "Leah, Tom"]
[Black "Nicholson, Jim Wr"]
[Result "1-0"]
[WhiteElo "1841"]
[BlackElo "1983"]
[PlyCount "75"]
[EventDate "2019.10.04"]

1. Nf3 Nf6 2. c4 c6 3. g3 d5 4. Bg2 dxc4 5. O-O Nbd7 6. Qc2 Nb6 7. a4 a5 8. Na3
g6 9. Nxc4 Bf5 10. d3 Bg7 11. e4 Bc8 12. Bd2 Nxc4 13. Qxc4 Be6 14. Qc2 O-O 15.
Bc3 Ne8 16. Ng5 Nc7 17. Rfd1 Bg4 18. Bf3 Bxf3 19. Nxf3 Na6 20. d4 e6 21. Qd2
Nb8 22. Ne5 Qc7 23. Nc4 b6 24. e5 Rd8 25. Qf4 Bf8 26. Nd2 Na6 27. Ne4 Be7 28.
Qh6 f5 29. exf6 Bf8 30. Qh3 h6 31. Qxe6+ Kh7 32. h4 Re8 33. Qg4 Qf7 34. Kg2
Rad8 35. Rac1 Nc7 36. Bd2 Qd5 37. f3 Qxd4 38. Bc3 1-0

[Event "23rd 4NCL Congress"]
[Site "South Normanton"]
[Date "2019.10.06"]
[Round "4.14"]
[White "Okhai, Shabir"]
[Black "Wynarczyk, Raymond"]
[Result "1-0"]
[WhiteElo "2159"]
[BlackElo "1794"]
[PlyCount "91"]
[EventDate "2019.10.04"]

1. e4 e5 2. Nf3 d6 3. d4 exd4 4. Nxd4 Nf6 5. Nc3 Be7 6. Be2 O-O 7. Bf4 Nbd7 8.
Qd2 a6 9. g4 Nc5 10. f3 Ne6 11. Bg3 Bd7 12. h4 b5 13. g5 Nh5 14. Bh2 g6 15. Nd5
Nxd4 16. Qxd4 Be6 17. O-O-O Bxd5 18. exd5 Ng7 19. f4 Rc8 20. Bg4 c5 21. Qd2 Rb8
22. Bg1 b4 23. h5 Nf5 24. Qh2 Bxg5 25. Bxf5 gxf5 26. fxg5 Qxg5+ 27. Kb1 Qf6 28.
Be3 Kh8 29. Rhg1 Rg8 30. Bf4 Rbd8 31. b3 h6 32. Bc1 Kh7 33. Qf4 Rxg1 34. Rxg1
Rg8 35. Rxg8 Kxg8 36. Qxh6 Qe5 37. Qg5+ Kh7 38. h6 a5 39. a4 bxa3 40. Bxa3 c4
41. bxc4 Qd4 42. Bb2 Qd1+ 43. Ka2 Qg4 44. Qxg4 fxg4 45. c5 g3 46. c6 1-0

[Event "23rd 4NCL Congress"]
[Site "South Normanton"]
[Date "2019.10.06"]
[Round "4.15"]
[White "Dopychai, Reent"]
[Black "Agnew, Alan"]
[Result "0-1"]
[WhiteElo "1908"]
[BlackElo "2052"]
[PlyCount "48"]
[EventDate "2019.10.04"]

1. e4 c6 2. c3 d5 3. d3 Qc7 4. Nf3 Bg4 5. Be2 e6 6. O-O Nf6 7. exd5 cxd5 8. Bg5
Nbd7 9. Qa4 Bxf3 10. Bxf3 Be7 11. Bh4 O-O 12. Bg3 Qb6 13. Qc2 Rfc8 14. Nd2 a5
15. Qb3 Qa6 16. Be2 a4 17. Qd1 a3 18. d4 Qb6 19. bxa3 Rxc3 20. Rb1 Qxd4 21.
Rxb7 Bf8 22. a4 Nc5 23. Nb1 Qxd1 24. Rxd1 Rxg3 0-1

[Event "23rd 4NCL Congress"]
[Site "South Normanton"]
[Date "2019.10.06"]
[Round "4.16"]
[White "Modi, Kishan J"]
[Black "Gogia, Armaan"]
[Result "1/2-1/2"]
[WhiteElo "2004"]
[BlackElo "1866"]
[PlyCount "49"]
[EventDate "2019.10.04"]

1. e4 c5 2. Nf3 d6 3. d4 cxd4 4. Nxd4 Nf6 5. Nc3 a6 6. Bg5 e6 7. f4 h6 8. Bh4
Nbd7 9. Bc4 Qa5 10. Qd2 b5 11. Bd3 Bb7 12. Bxf6 Nxf6 13. e5 dxe5 14. fxe5 Nd5
15. Nb3 Qc7 16. Nxd5 Bxd5 17. O-O Bc5+ 18. Nxc5 Qxc5+ 19. Qf2 Rc8 20. a4 O-O
21. axb5 axb5 22. Ra5 Bc4 23. Qxc5 Rxc5 24. Bxc4 Rxc4 25. Rxb5 1/2-1/2

[Event "23rd 4NCL Congress"]
[Site "South Normanton"]
[Date "2019.10.06"]
[Round "4.17"]
[White "Ireland, David J"]
[Black "Simpson, Derek"]
[Result "1-0"]
[WhiteElo "1960"]
[BlackElo "1638"]
[PlyCount "47"]
[EventDate "2019.10.04"]

1. e4 e6 2. c4 d5 3. exd5 exd5 4. cxd5 Nf6 5. Nc3 Nxd5 6. Bc4 Nxc3 7. bxc3 Bd6
8. Nf3 O-O 9. O-O Bg4 10. d4 c6 11. h3 Bh5 12. g4 Bg6 13. Bg5 Qc7 14. Re1 Nd7
15. Nh4 Nb6 16. Nxg6 hxg6 17. Bb3 Nd5 18. Qf3 Qd7 19. Kg2 Be7 20. Bxe7 Nxe7 21.
Re5 Rae8 22. Rae1 Nc8 23. Rxe8 Rxe8 24. Qxf7+ 1-0

[Event "23rd 4NCL Congress"]
[Site "South Normanton"]
[Date "2019.10.06"]
[Round "4.18"]
[White "Ross, Stuart"]
[Black "Taylor, Robert K"]
[Result "0-1"]
[WhiteElo "1636"]
[BlackElo "1958"]
[PlyCount "54"]
[EventDate "2019.10.04"]

1. e4 c5 2. Nf3 g6 3. d4 cxd4 4. Nxd4 Bg7 5. c4 Nc6 6. Be3 Nf6 7. Nc3 Ng4 8.
Qxg4 Nxd4 9. Qd1 Ne6 10. Rc1 b6 11. Be2 Bb7 12. f3 O-O 13. Qd2 Re8 14. O-O Bc6
15. Nd5 Qb8 16. f4 d6 17. Bf3 Nf8 18. e5 Bb7 19. exd6 Qxd6 20. c5 bxc5 21. Bxc5
Qd7 22. Rfd1 Bxd5 23. Bxd5 Rad8 24. Qb4 Qf5 25. Bc6 Rxd1+ 26. Rxd1 Rc8 27. Qb7
Qxc5+ 0-1

[Event "23rd 4NCL Congress"]
[Site "South Normanton"]
[Date "2019.10.06"]
[Round "4.19"]
[White "Vieira, Jose Pedro"]
[Black "Cast, Julian"]
[Result "1/2-1/2"]
[WhiteElo "1463"]
[BlackElo "1908"]
[PlyCount "67"]
[EventDate "2019.10.04"]

1. e4 d5 2. exd5 Qxd5 3. d4 Nf6 4. Nf3 Bg4 5. Be2 Nc6 6. c3 O-O-O 7. Qb3 Qh5 8.
Bf4 Nd5 9. Bg3 e5 10. dxe5 Nxe5 11. Nbd2 Nxf3+ 12. Nxf3 Re8 13. O-O-O Rxe2 14.
Rxd5 Qh6+ 15. Ng5 Be7 16. Qc4 Bxg5+ 17. Kb1 Bf4 18. Bxf4 Qb6 19. Rb5 Qc6 20.
Rc5 Qe4+ 21. Qxe4 Rxe4 22. Rxc7+ Kd8 23. Bg3 Re7 24. Rc4 Bf5+ 25. Kc1 Re2 26.
Rd4+ Ke7 27. Rd2 Rxd2 28. Kxd2 Rd8+ 29. Ke2 Bd3+ 30. Kf3 Bc4 31. Re1+ Kf6 32.
b3 Bd5+ 33. Kg4 Be6+ 34. Kf3 1/2-1/2

[Event "23rd 4NCL Congress"]
[Site "South Normanton"]
[Date "2019.10.06"]
[Round "4.20"]
[White "Sheppard, Derek A"]
[Black "Chen, Daniel Xingyu"]
[Result "1/2-1/2"]
[WhiteElo "1717"]
[BlackElo "1703"]
[PlyCount "45"]
[EventDate "2019.10.04"]

1. d4 Nf6 2. Bf4 g6 3. e3 Bg7 4. Nf3 O-O 5. Be2 d6 6. h3 Nbd7 7. O-O Re8 8. Bh2
b6 9. Nbd2 Bb7 10. c3 e5 11. a4 e4 12. Ne1 Nd5 13. Nc2 f5 14. c4 N5f6 15. Ra2
Qe7 16. b4 c5 17. bxc5 dxc5 18. Nb3 Red8 19. Bc7 Rdc8 20. Bh2 Rd8 21. Bc7 Rdc8
22. Bh2 Rd8 23. Bc7 1/2-1/2

[Event "23rd 4NCL Congress"]
[Site "South Normanton"]
[Date "2019.10.06"]
[Round "4.21"]
[White "Metcalfe, Charlie P"]
[Black "Merriman, James"]
[Result "0-1"]
[WhiteElo "1934"]
[BlackElo "1910"]
[PlyCount "48"]
[EventDate "2019.10.04"]

1. d4 Nf6 2. c4 e6 3. Nf3 c5 4. d5 d6 5. Nc3 exd5 6. cxd5 g6 7. Bf4 a6 8. a4
Bg7 9. h3 O-O 10. e3 Re8 11. Bd3 Qc7 12. O-O Nbd7 13. Re1 Rb8 14. a5 b5 15.
axb6 Rxb6 16. Qe2 Qb7 17. Red1 Nxd5 18. Nxd5 Qxd5 19. Bxa6 Bxa6 20. Rxa6 Qf5
21. Re1 Rxb2 22. Qc4 d5 23. Qa4 c4 24. Rf1 Nb8 {unable to read} 0-1

[Event "23rd 4NCL Congress"]
[Site "South Normanton"]
[Date "2019.10.06"]
[Round "5.1"]
[White "Hebden, Mark L"]
[Black "Merriman, John"]
[Result "0-1"]
[WhiteElo "2427"]
[BlackElo "2201"]
[PlyCount "86"]
[EventDate "2019.10.04"]

1. d4 e6 2. Nf3 Nf6 3. e3 c5 4. c4 a6 5. a3 d5 6. dxc5 Bxc5 7. b4 Be7 8. Bb2
O-O 9. Qc2 dxc4 10. Bxc4 Nbd7 11. Nd4 Nb6 12. Bb3 Bd7 13. Nd2 Rc8 14. Qd1 e5
15. N4f3 e4 16. Nd4 Bd6 17. h3 Qe7 18. Rc1 Qe5 19. Rxc8 Rxc8 20. Qa1 Qg5 21.
Ne2 Nbd5 22. Bxd5 Nxd5 23. Nxe4 Qxg2 24. Nf6+ Nxf6 25. Rg1 Qf3 26. Bxf6 Rc2 27.
Qd1 Rxe2+ 28. Qxe2 Qxf6 29. Qd3 Bb5 30. Qd4 Be5 31. Qd5 g6 32. f4 Bc3+ 33. Kd1
Bxb4 34. axb4 Qa1+ 35. Kd2 Qxg1 36. Qe5 Qg2+ 37. Kc3 Qc6+ 38. Kb2 Qe6 39. Qd4
Qxh3 40. Qd8+ Kg7 41. Qd4+ f6 42. Qc3 Qg2+ 43. Ka3 Qc6 0-1

[Event "23rd 4NCL Congress"]
[Site "South Normanton"]
[Date "2019.10.06"]
[Round "5.2"]
[White "Willow, Jonah B"]
[Black "Burrows, Martin P"]
[Result "1/2-1/2"]
[WhiteElo "2327"]
[BlackElo "2153"]
[PlyCount "150"]
[EventDate "2019.10.04"]

1. e4 e6 2. d4 d5 3. Nd2 Nf6 4. e5 Nfd7 5. c3 c5 6. f4 Nc6 7. Ndf3 Be7 8. g3
O-O 9. Bh3 f6 10. Bxe6+ Kh8 11. exf6 Nxf6 12. Bxc8 Rxc8 13. Ne2 c4 14. O-O Qd7
15. Kg2 Ne4 16. Neg1 b5 17. Nd2 Nd6 18. g4 Rf6 19. h3 Rcf8 20. Ndf3 Ne4 21. Ne5
Qc8 22. Ngf3 g6 23. Be3 Nd8 24. Nd2 Nd6 25. Qf3 Qb7 26. a3 Ne6 27. Qg3 a5 28.
h4 Bd8 29. h5 gxh5 30. f5 Ng7 31. Bg5 hxg4 32. Bxf6 Rxf6 33. Nxg4 Ndxf5 34. Qe5
Rf7 35. Qe2 Bg5 36. Nf3 Re7 37. Nfe5 Kg8 38. Rf2 h5 39. Nh2 Be3 40. Rff1 Nh4+
41. Kh3 Ngf5 42. Qxh5 Qc8 43. Nhg4 Qe6 44. Rg1 Rg7 45. Raf1 Bxg1 46. Rxg1 Ng6
47. Nxg6 Qxg6 48. Qxg6 Rxg6 49. Nf6+ Kf7 50. Rxg6 Kxg6 51. Nxd5 Kg5 52. Kg2 Nd6
53. Kf3 Kf5 54. Ne3+ Ke6 55. Kf4 Nc8 56. d5+ Kd6 57. Ke4 Nb6 58. Kd4 Na4 59.
Nf5+ Kd7 60. Ng3 Nxb2 61. Ne4 Nd3 62. Nc5+ Kd6 63. Nb7+ Kc7 64. Nxa5 Kb6 65.
Nc6 Nf4 66. Ke5 Ne2 67. Nd4 Nxc3 68. d6 Na4 69. Nxb5 Kc6 70. Nd4+ Kd7 71. Kd5
c3 72. Nc2 Nb6+ 73. Kd4 Kxd6 74. Kxc3 Kc5 75. a4 Nxa4+ 1/2-1/2

[Event "23rd 4NCL Congress"]
[Site "South Normanton"]
[Date "2019.10.06"]
[Round "5.3"]
[White "Stepanyan, Henrik"]
[Black "Arkell, Keith C"]
[Result "1/2-1/2"]
[WhiteElo "2207"]
[BlackElo "2442"]
[PlyCount "107"]
[EventDate "2019.10.04"]

1. d4 Nf6 2. Nf3 d6 3. c4 Bg4 4. Nc3 Bxf3 5. gxf3 c6 6. e4 e6 7. Be3 Nbd7 8.
Qd2 g6 9. Be2 a6 10. d5 cxd5 11. cxd5 e5 12. O-O-O Nh5 13. Kb1 Bg7 14. Rc1 O-O
15. Bd1 Rc8 16. h4 Qa5 17. Ne2 Rxc1+ 18. Qxc1 Nc5 19. Qd2 Qxd2 20. Bxd2 f5 21.
exf5 gxf5 22. Ng3 Nxg3 23. fxg3 f4 24. gxf4 Bh6 25. Rg1+ Kh8 26. Bb4 Rxf4 27.
Bxc5 dxc5 28. Rg4 Rf6 29. a4 Rd6 30. Bb3 b5 31. axb5 axb5 32. Ba2 Bf4 33. Kc2
Ra6 34. Bb1 Ra4 35. Kb3 Rb4+ 36. Ka2 Rd4 37. Be4 c4 38. Ka3 Bd2 39. Rg2 Ba5 40.
Rg5 Rd1 41. b4 Bd8 42. Rh5 Ra1+ 43. Kb2 Ra7 44. d6 Rd7 45. Bc6 Rxd6 46. Bxb5
Bf6 47. Bxc4 Kg7 48. f4 exf4+ 49. Kb3 Rd2 50. Rf5 Rf2 51. h5 f3 52. Ka4 Rc2 53.
Bb3 Rh2 54. Rxf3 1/2-1/2

[Event "23rd 4NCL Congress"]
[Site "South Normanton"]
[Date "2019.10.06"]
[Round "5.4"]
[White "Clarke, Brandon Gi"]
[Black "Turner, Max N"]
[Result "1/2-1/2"]
[WhiteElo "2445"]
[BlackElo "2125"]
[PlyCount "92"]
[EventDate "2019.10.04"]

1. e4 c5 2. Nf3 e6 3. d4 cxd4 4. Nxd4 Nc6 5. Nc3 Qc7 6. Be3 a6 7. a3 Nf6 8. f4
d5 9. e5 Nd7 10. Qg4 Nxd4 11. Bxd4 b5 12. O-O-O Nb6 13. f5 g6 14. fxe6 Bxe6 15.
Qf3 Bg7 16. Bxb6 Qxb6 17. Nxd5 Bxd5 18. Rxd5 O-O 19. Bd3 b4 20. Bc4 Qb7 21. Qe4
bxa3 22. bxa3 Rab8 23. Rf1 Qe7 24. Kd2 Qg5+ 25. Kd3 Rbd8 26. e6 f5 27. Qf4 Qe7
28. Ke2 Kh8 29. Rxd8 Rxd8 30. Rd1 Rc8 31. Rd7 Qxa3 32. Qh4 Re8 33. Rd8 Qa4 34.
Kf1 h6 35. Rxe8+ Qxe8 36. Qg3 Qc6 37. Qd3 Bf6 38. Bb3 a5 39. Qd7 Qe4 40. Qe8+
Kh7 41. Qf7+ Bg7 42. e7 Qf4+ 43. Ke2 Qe4+ 44. Kd1 Qd4+ 45. Ke2 Qe4+ 46. Kd1
Qd4+ 1/2-1/2

[Event "23rd 4NCL Congress"]
[Site "South Normanton"]
[Date "2019.10.06"]
[Round "5.5"]
[White "Munshi, Aditya"]
[Black "Mason, Donald J"]
[Result "1/2-1/2"]
[WhiteElo "2183"]
[BlackElo "2070"]
[PlyCount "65"]
[EventDate "2019.10.04"]

1. e4 e6 2. d4 d5 3. Nd2 Nf6 4. e5 Nfd7 5. Bd3 c5 6. c3 Nc6 7. Ne2 cxd4 8. cxd4
f6 9. exf6 Nxf6 10. Nf3 Bd6 11. O-O O-O 12. Bf4 Bxf4 13. Nxf4 Ng4 14. Qd2 Qf6
15. Nh5 Qh6 16. Qxh6 Nxh6 17. Rac1 Nf5 18. Bxf5 Rxf5 19. Ng3 Rf4 20. Ne2 Rf5
21. Rc5 Bd7 22. Re1 Raf8 23. Nc1 Rxf3 24. gxf3 Nxd4 25. Kg2 Nxf3 26. Re3 Nh4+
27. Kf1 b6 28. Rc7 Bb5+ 29. Kg1 d4 30. Rb3 Nf3+ 31. Kh1 Rf5 32. Rxa7 h6 33. Rc7
1/2-1/2

[Event "23rd 4NCL Congress"]
[Site "South Normanton"]
[Date "2019.10.06"]
[Round "5.6"]
[White "Ther, Mate"]
[Black "Verma, Aditya"]
[Result "0-1"]
[WhiteElo "2003"]
[BlackElo "2172"]
[PlyCount "72"]
[EventDate "2019.10.04"]

1. e4 c5 2. Nf3 d6 3. d4 cxd4 4. Nxd4 Nf6 5. f3 g6 6. c4 Bg7 7. Nc3 Nc6 8. Be3
O-O 9. Qd2 Bd7 10. Be2 Nxd4 11. Bxd4 Bc6 12. O-O Nd7 13. Bd3 a6 14. Rac1 Rc8
15. Rfd1 Qc7 16. b4 Nf6 17. b5 axb5 18. cxb5 Bd7 19. Nd5 Qd8 20. Bb6 Qe8 21.
Nc7 Rxc7 22. Bxc7 Bxb5 23. Bxb5 Qxb5 24. Rc2 Rc8 25. Rdc1 Nd7 26. Kh1 b6 27.
Qd1 Qa6 28. Rc6 Nc5 29. Qd5 Qa4 30. h3 e6 31. Rc4 exd5 32. Rxa4 Nxa4 33. exd5
Bf8 34. Rc4 b5 35. Rc6 Nb2 36. Bb6 Ra8 0-1

[Event "23rd 4NCL Congress"]
[Site "South Normanton"]
[Date "2019.10.06"]
[Round "5.7"]
[White "Barnes, Michael H"]
[Black "Leah, Tom"]
[Result "1/2-1/2"]
[WhiteElo "2164"]
[BlackElo "1841"]
[PlyCount "59"]
[EventDate "2019.10.04"]

1. d4 Nf6 2. Nf3 d5 3. c4 e6 4. g3 Be7 5. Bg2 O-O 6. O-O dxc4 7. Qc2 a6 8. a4
Bd7 9. Ne5 Bc6 10. Nxc6 Nxc6 11. e3 Na5 12. Nd2 c5 13. dxc5 Rc8 14. b4 cxb3 15.
Nxb3 Nxb3 16. Qxb3 Rxc5 17. Qxb7 a5 18. Ba3 Rc7 19. Qb5 Bxa3 20. Rxa3 Qe7 21.
Rd3 Rc5 22. Qb6 Rfc8 23. Rfd1 h6 24. Bf3 Qc7 25. Rd8+ Kh7 26. Qb1+ g6 27. Rxc8
Qxc8 28. Qb6 Qc7 29. Rd6 Qxb6 30. Rxb6 1/2-1/2

[Event "23rd 4NCL Congress"]
[Site "South Normanton"]
[Date "2019.10.06"]
[Round "5.8"]
[White "Gardiner, Eric D"]
[Black "Modi, Shyam Jagdish"]
[Result "1-0"]
[WhiteElo "1960"]
[BlackElo "2142"]
[PlyCount "121"]
[EventDate "2019.10.04"]

1. d4 Nf6 2. Bg5 Ne4 3. Bf4 c5 4. f3 Qa5+ 5. c3 Nf6 6. Nd2 cxd4 7. Nb3 Qf5 8.
Bxb8 Rxb8 9. Qxd4 b6 10. e4 Qf4 11. Ne2 Qc7 12. Ng3 e6 13. O-O-O d6 14. Bb5+
Bd7 15. Bxd7+ Nxd7 16. f4 Nc5 17. Nxc5 Qxc5 18. Qxc5 bxc5 19. c4 Be7 20. b3 O-O
21. Rd3 Rb6 22. Kc2 Bf6 23. Rhd1 Bd4 24. Ne2 e5 25. f5 Rd8 26. Nc3 Bxc3 27.
Kxc3 Kf8 28. g4 Ke7 29. h4 g6 30. Rf1 Rg8 31. g5 Rbb8 32. Rdf3 Rbf8 33. Kb2
gxf5 34. Rxf5 h6 35. gxh6 Rg6 36. Ka3 Rxh6 37. h5 Rh7 38. Ka4 Rg8 39. Ka5 Rg4
40. Ka6 Rxe4 41. Kxa7 Re2 42. a4 Ra2 43. Ka6 Ra3 44. R1f3 e4 45. Rg3 Ke6 46.
Rd5 Rh6 47. Kb5 f5 48. Kc6 f4 49. Rxd6+ Kf7 50. Rg4 Rxd6+ 51. Kxd6 f3 52. Rxe4
Rxb3 53. Rf4+ Kg7 54. Kxc5 Kh6 55. Rf5 Ra3 56. Kb4 Re3 57. a5 Rd3 58. a6 Rd6
59. Rxf3 Rxa6 60. Rf5 Ra7 61. c5 1-0

[Event "23rd 4NCL Congress"]
[Site "South Normanton"]
[Date "2019.10.06"]
[Round "5.9"]
[White "Sowray, Peter J"]
[Black "Makkar, Rajat"]
[Result "0-1"]
[WhiteElo "2361"]
[BlackElo "2071"]
[PlyCount "52"]
[EventDate "2019.10.04"]

1. d4 d5 2. c4 c6 3. Nf3 Nf6 4. Nc3 e6 5. Bg5 Nbd7 6. e3 Qa5 7. cxd5 Nxd5 8.
Qd2 Bb4 9. Rc1 c5 10. Bc4 N7b6 11. Bb3 c4 12. Bd1 Nxc3 13. bxc3 Ba3 14. Rb1 Nd5
15. e4 Nxc3 16. Ba4+ Kf8 17. Ne5 Bb4 18. Kf1 Nxb1 19. Qf4 f5 20. Bf6 Nd2+ 21.
Kg1 Nxe4 22. Bxg7+ Kxg7 23. h4 Bd2 24. Qf3 Qc3 25. Qh5 Qc1+ 26. Bd1 Rf8 0-1

[Event "23rd 4NCL Congress"]
[Site "South Normanton"]
[Date "2019.10.06"]
[Round "5.10"]
[White "Ansmann, Klaas"]
[Black "Okhai, Shabir"]
[Result "1/2-1/2"]
[WhiteElo "1984"]
[BlackElo "2159"]
[PlyCount "64"]
[EventDate "2019.10.04"]

1. d4 Nf6 2. Nf3 e6 3. g3 c5 4. Bg2 cxd4 5. Nxd4 d5 6. O-O Be7 7. c4 O-O 8.
cxd5 Nxd5 9. Nc3 Nxc3 10. bxc3 e5 11. Nb3 Qc7 12. Qc2 Bd7 13. Rb1 Bc6 14. e4
Nd7 15. Be3 Rac8 16. Qe2 b6 17. Rbc1 Qb7 18. f3 Ba3 19. Rc2 Ba4 20. Rb1 Rfd8
21. Bh3 Qc6 22. c4 Rc7 23. Rd1 Re8 24. Bxd7 Rxd7 25. Rxd7 Qxd7 26. Rd2 Qc8 27.
Qd3 Bb4 28. Rd1 Be7 29. Qc3 Qe6 30. Rd5 f6 31. c5 Rc8 32. Qc4 Bxb3 1/2-1/2